000
00266nam a2200109Ia 4500
008
240625s9999 xx 000 0 und d
041
_a
eng
082
_a
515.625 KEL
100
_a
KELLEY WALTER G
245
_a
DIFFERENCE EQUATIONS AN INTRODUCTION WIT
260
_c
2006
999
_c
38299
_d
38299